000 00331nam a2200133 i 4500
001 bg
100 1 _aKARAGIEDOW, R. G.
245 0 _aRozrachunek gospodarczy, efektywność i zysk /
_cR.G. Karagiedow.
260 _aWarszawa,
_c1985.
040 _cBPK
041 _apol
942 _cKS
008 s pl f |000 0 pol
999 _c28272
_d28272
856 _uhttp://koha.tu.koszalin.pl/cgi-bin/koha/opac-detail.pl?biblionumber=28272
_yKatalog online BPK